[Event "4NCL Division 3 North"]
[Site "Bolton, ENG"]
[Date "2018.01.14"]
[Round "4.54"]
[White "Jennings, Roger W"]
[Black "Goss, Alex"]
[Result "1-0"]
[WhiteElo "2016"]
[BlackElo "1734"]
[PlyCount "87"]
[EventDate "2018.01.14"]
[WhiteTeam "Bradford DCA Knights A"]
[BlackTeam "Enniscorthy"]

1. g3 d5 2. Bg2 c6 3. Nf3 Bf5 4. O-O e6 5. b3 Nf6 6. Bb2 h6 7. d3 Be7 8. Nbd2
a5 9. Re1 O-O 10. e4 Bh7 11. a4 Na6 12. exd5 cxd5 13. Nd4 Nb4 14. N2f3 Rc8 15.
Rc1 Nd7 16. Bh3 Nc5 17. Ne5 Bf6 18. Ng4 Bxd4 19. Bxd4 Bf5 20. Qd2 Kh7 21. Bxg7
Qg5 22. Qxg5 hxg5 23. Bxf8 Rxf8 24. Nf6+ Kg6 25. Bxf5+ Kxf5 26. d4 Nxb3 27.
cxb3 Nd3 28. Nd7 Rd8 29. Ne5 Nxe1 30. Rxe1 f6 31. Nd3 Rd6 32. h3 b6 33. g4+ Kg6
34. Rc1 f5 35. Ne5+ Kf6 36. Rc6 Rxc6 37. Nxc6 f4 38. Kg2 Kf7 39. h4 gxh4 40.
Kh3 Ke8 41. Kxh4 Kf7 42. Kg5 f3 43. Ne5+ Kg7 44. Nxf3 1-0

[Event "4NCL Division 3 North"]
[Site "Bolton, ENG"]
[Date "2018.01.14"]
[Round "4.55"]
[White "Copeland, Dean"]
[Black "Bak, Christopher"]
[Result "0-1"]
[WhiteElo "1669"]
[BlackElo "2018"]
[PlyCount "106"]
[EventDate "2018.01.14"]
[WhiteTeam "Enniscorthy"]
[BlackTeam "Bradford DCA Knights A"]

1. e4 c5 2. d4 cxd4 3. c3 dxc3 4. Nxc3 e6 5. Nf3 a6 6. Bc4 b5 7. Bb3 Bb7 8. Qe2
d6 9. O-O Nd7 10. Rd1 Ngf6 11. a3 Be7 12. Bf4 Qb8 13. Rd2 O-O 14. Rad1 Nc5 15.
Bc2 Rd8 16. b4 Na4 17. Nxa4 bxa4 18. Bg5 Bc6 19. Nd4 Be8 20. f4 Qb6 21. Kh1
Rac8 22. Nf3 Bb5 23. Bd3 Kf8 24. Bxb5 Qxb5 25. Qxb5 axb5 26. Bxf6 Bxf6 27. e5
dxe5 28. Rxd8+ Rxd8 29. Rxd8+ Bxd8 30. fxe5 Bb6 31. g4 f6 32. exf6 gxf6 33. Kg2
e5 34. Nd2 Bd4 35. Kf3 Bb2 36. Nb1 Ke7 37. Ke4 Ke6 38. h4 Bd4 39. Nd2 Bb2 40.
Nb1 h6 41. h5 Bd4 42. Nd2 Bc3 43. Nb1 Bb2 44. Ke3 f5 45. gxf5+ Kxf5 46. Kf3 e4+
47. Ke3 Ke5 48. Ke2 Kd4 49. Kd2 e3+ 50. Kc2 Ba1 51. Kd1 Kd3 52. Nd2 e2+ 53. Ke1
Bc3 0-1

[Event "4NCL Division 3 North"]
[Site "Bolton, ENG"]
[Date "2018.01.14"]
[Round "4.56"]
[White "Nicholson, Jim W R"]
[Black "Pocevicius, Dovydas"]
[Result "1-0"]
[WhiteElo "1999"]
[BlackElo "1650"]
[PlyCount "117"]
[EventDate "2018.01.14"]
[WhiteTeam "Bradford DCA Knights A"]
[BlackTeam "Enniscorthy"]

1. d4 Nf6 2. Nf3 g6 3. Bg5 Bg7 4. Nbd2 O-O 5. c3 d6 6. e4 Bg4 7. Qc2 c5 8. dxc5
dxc5 9. Be2 Nc6 10. O-O Qc7 11. Rfe1 Rad8 12. h3 Be6 13. Bh4 Nd7 14. Ng5 Be5
15. Nxe6 fxe6 16. Bg4 Bh2+ 17. Kh1 Nde5 18. Bxe6+ Kh8 19. Nf1 Bf4 20. Rad1 Rxd1
21. Rxd1 Rd8 22. Bd5 g5 23. Bg3 Ng6 24. Qe2 Nce5 25. Ne3 Bxe3 26. Qxe3 e6 27.
Bb3 c4 28. Bc2 Rxd1+ 29. Bxd1 Qd8 30. Be2 b6 31. b3 cxb3 32. axb3 Qf6 33. Qd4
Nf4 34. Bf1 h5 35. b4 h4 36. Bh2 Kg7 37. b5 Kf7 38. Qd6 Neg6 39. Qc7+ Qe7 40.
Qc4 Qc5 41. Qxc5 bxc5 42. g3 hxg3 43. fxg3 Nh5 44. Kg2 Nf6 45. Kf3 Ne5+ 46. Ke3
Nfg4+ 47. hxg4 Nxg4+ 48. Kd3 Nxh2 49. Be2 Ke7 50. e5 g4 51. Ke3 Kf7 52. Kf4 Kg6
53. Bxg4 Nxg4 54. Kxg4 c4 55. Kf4 Kh5 56. Ke4 Kg5 57. Kd4 Kf5 58. g4+ Kxg4 59.
Kxc4 1-0

[Event "4NCL Division 3 North"]
[Site "Bolton, ENG"]
[Date "2018.01.14"]
[Round "4.61"]
[White "White, Mark W"]
[Black "Lyth, John D"]
[Result "1-0"]
[WhiteElo "2020"]
[BlackElo "1900"]
[PlyCount "69"]
[EventDate "2018.01.14"]
[WhiteTeam "Jorvik"]
[BlackTeam "Manchester Manticores 4"]

1. e4 e5 2. Nf3 Nc6 3. Bb5 a6 4. Ba4 Nf6 5. O-O Be7 6. Re1 b5 7. Bb3 d6 8. c3
O-O 9. h3 Na5 10. Bc2 c5 11. d4 Qc7 12. Nbd2 Rd8 13. d5 Ne8 14. Nf1 g6 15. Ng3
Ng7 16. Bh6 Nc4 17. Qc1 Bd7 18. Nh2 Rf8 19. b3 Nb6 20. Ng4 Bxg4 21. hxg4 Nd7
22. c4 b4 23. Qe3 Nf6 24. f3 Kh8 25. Kf2 Ng8 26. Rh1 Qd8 27. Rh3 f6 28. Bxg7+
Kxg7 29. Rah1 h6 30. Rxh6 Nxh6 31. Qxh6+ Kf7 32. Nf5 Rg8 33. Qh7+ Kf8 34. Nh6
Rg7 35. Qh8+ 1-0

[Event "4NCL Division 3 North"]
[Site "Bolton, ENG"]
[Date "2018.01.14"]
[Round "4.62"]
[White "Pardoe, David"]
[Black "Hodge, Steve R"]
[Result "0-1"]
[WhiteElo "1787"]
[BlackElo "2027"]
[PlyCount "58"]
[EventDate "2018.01.14"]
[WhiteTeam "Manchester Manticores 4"]
[BlackTeam "Jorvik"]

1. d4 f5 2. c4 Nf6 3. Nc3 g6 4. Nf3 Bg7 5. g3 O-O 6. Bg2 d6 7. O-O Qe8 8. Re1
Qf7 9. b3 Ne4 10. Bb2 Nc6 11. e3 h6 12. Re2 e5 13. d5 Nxc3 14. Bxc3 Ne7 15. Qc2
Bd7 16. Rd2 g5 17. h3 Ng6 18. Re1 f4 19. g4 e4 20. Bxg7 exf3 21. Bxf8 fxg2 22.
Bxh6 Nh4 23. Rde2 f3 24. Bxg5 Ng6 25. Rd2 Bxg4 26. Qe4 Bxh3 27. Rd4 Re8 28. Qd3
Bf5 29. Qd1 Qh7 0-1

[Event "4NCL Division 3 North"]
[Site "Bolton, ENG"]
[Date "2018.01.14"]
[Round "4.63"]
[White "Cowan, Richard M"]
[Black "Raghavendra, Mahima"]
[Result "1-0"]
[WhiteElo "1865"]
[BlackElo "1810"]
[PlyCount "87"]
[EventDate "2018.01.14"]
[WhiteTeam "Jorvik"]
[BlackTeam "Manchester Manticores 4"]

1. Nf3 c5 2. c4 Nf6 3. g3 b6 4. Bg2 Bb7 5. b3 d6 6. O-O g6 7. Bb2 Bg7 8. e3 O-O
9. d4 e6 10. Nc3 Na6 11. Qe2 Nc7 12. Rad1 Qe7 13. Rfe1 Rad8 14. e4 cxd4 15.
Nxd4 e5 16. Ndb5 Nxb5 17. Nxb5 a6 18. Nc3 Rfe8 19. Ba3 Bf8 20. Rd3 Qe6 21. Red1
Rd7 22. Qe3 Red8 23. Qxb6 Ne8 24. c5 Rc8 25. Na4 Rc6 26. Qa5 Rdc7 27. cxd6 Bxd6
28. Bxd6 Nxd6 29. Qd2 Rc2 30. Qh6 Qf6 31. f3 Ne8 32. Rd8 Rc8 33. Rxc8 Rxc8 34.
Qd2 Kg7 35. b4 Qc6 36. Nc5 Qb6 37. h4 h6 38. Kh2 Bc6 39. Qc3 f6 40. Bh3 Rb8 41.
Bd7 Kh8 42. Qc4 Bxd7 43. Rxd7 Rd8 44. Qf7 1-0

[Event "4NCL Division 3 North"]
[Site "Bolton, ENG"]
[Date "2018.01.14"]
[Round "4.64"]
[White "Grindrod, John"]
[Black "Flint, Martina"]
[Result "0-1"]
[WhiteElo "1832"]
[BlackElo "1841"]
[PlyCount "112"]
[EventDate "2018.01.14"]
[WhiteTeam "Manchester Manticores 4"]
[BlackTeam "Jorvik"]

1. c4 g6 2. g3 Bg7 3. Bg2 d6 4. Nf3 c6 5. d3 f5 6. Bd2 Nf6 7. Nc3 e5 8. e3 O-O
9. Rb1 Qe7 10. O-O Na6 11. b4 Rd8 12. Qb3 h6 13. a3 Kh7 14. Rfd1 Be6 15. Qc2
Bf7 16. Ne1 d5 17. Ne2 Rac8 18. c5 Nc7 19. d4 e4 20. a4 a6 21. Bh3 Ng4 22. Bg2
h5 23. h3 Nf6 24. Qc1 h4 25. f4 Nh5 26. Kh2 hxg3+ 27. Nxg3 Rg8 28. Nc2 Nxg3 29.
Kxg3 g5 30. Kh2 gxf4 31. exf4 Bh6 32. Rf1 Bh5 33. Qe1 Ne6 34. Qf2 Rg7 35. Be3
Rcg8 36. Bh1 Rg3 37. Rg1 Rxe3 38. Rxg8 Bxf4+ 39. Kg1 Kxg8 40. Nxe3 Qg5+ 41. Kf1
Bxe3 42. Qg2 Qxg2+ 43. Bxg2 Nxd4 44. Rb2 Kf7 45. Ke1 Kf6 46. Bf1 f4 47. b5 axb5
48. axb5 Nf3+ 49. Kd1 Bxc5 50. bxc6 bxc6 51. Be2 Ke5 52. Ra2 Bg6 53. Ra5 Be7
54. Ra6 Nd4 55. Ra7 Bh4 56. Bg4 f3 0-1

[Event "4NCL Division 3 North"]
[Site "Bolton, ENG"]
[Date "2018.01.14"]
[Round "4.65"]
[White "Anderson, Paul W"]
[Black "Barooah, Michael"]
[Result "1-0"]
[WhiteElo "1786"]
[BlackElo "1735"]
[PlyCount "81"]
[EventDate "2018.01.14"]
[WhiteTeam "Jorvik"]
[BlackTeam "Manchester Manticores 4"]

1. c4 e5 2. Nc3 Nf6 3. Nf3 Nc6 4. g3 Bb4 5. Nd5 Bc5 6. Bg2 O-O 7. e3 a5 8. b3
d6 9. O-O Nxd5 10. cxd5 Ne7 11. d4 exd4 12. Nxd4 Nf5 13. Nxf5 Bxf5 14. Bb2 Qd7
15. Qd2 Rfe8 16. a3 Be4 17. Rac1 Qf5 18. Rc4 Bxg2 19. Kxg2 Re4 20. Qd3 Re5 21.
e4 Qh5 22. Bxe5 Qxe5 23. a4 Rf8 24. f4 Qb2+ 25. Rc2 Qf6 26. e5 Qe7 27. Qb5 b6
28. Re2 dxe5 29. fxe5 Bd4 30. e6 fxe6 31. Rxe6 Qd8 32. Rxf8+ Kxf8 33. b4 axb4
34. Qxb4+ c5 35. Qb3 Qc7 36. Qf3+ Bf6 37. Qe4 Qd7 38. Rxb6 Bd4 39. d6 Qa7 40.
Rb7 Qxa4 41. Qe7+ 1-0

[Event "4NCL Division 3 North"]
[Site "Bolton, ENG"]
[Date "2018.01.14"]
[Round "4.66"]
[White "Norris, Michael J"]
[Black "Andrews, Norman G"]
[Result "1/2-1/2"]
[WhiteElo "1667"]
[BlackElo "1636"]
[PlyCount "80"]
[EventDate "2018.01.14"]
[WhiteTeam "Manchester Manticores 4"]
[BlackTeam "Jorvik"]

1. d4 Nf6 2. c4 e6 3. Nc3 Bb4 4. a3 Bxc3+ 5. bxc3 O-O 6. Nf3 b6 7. Bg5 Bb7 8.
e3 d6 9. Be2 Nbd7 10. O-O Qe8 11. Nd2 e5 12. f3 Qe6 13. e4 h6 14. d5 Qe8 15.
Be3 Nc5 16. Bxc5 bxc5 17. Rb1 Bc8 18. Qc2 Nh5 19. g3 Bh3 20. Rf2 Rb8 21. f4 Nf6
22. Rxb8 Qxb8 23. fxe5 dxe5 24. Bf1 Bd7 25. Nf3 Re8 26. Bd3 c6 27. Qc1 Qc7 28.
Rb2 Bg4 29. Nd2 Bc8 30. Rb1 Ba6 31. Bf1 Rb8 32. Kg2 Ne8 33. g4 Nd6 34. Kf3 Rxb1
35. Qxb1 Qd8 36. Bd3 Kh7 37. Ke2 Bc8 38. h3 Bd7 39. Nf3 f6 40. Nh4 g6 1/2-1/2

[Event "4NCL Division 3 North"]
[Site "Bolton, ENG"]
[Date "2018.01.14"]
[Round "4.71"]
[White "Gardiner, Eric D"]
[Black "Bennion, David"]
[Result "1-0"]
[WhiteElo "1977"]
[BlackElo "1952"]
[PlyCount "151"]
[EventDate "2018.01.14"]
[WhiteTeam "Bradford DCA Knights B"]
[BlackTeam "Shropshire 2"]

1. e4 e5 2. Nf3 Nc6 3. d4 exd4 4. Nxd4 Bc5 5. Nxc6 Qf6 6. Qf3 Qxc6 7. Nc3 Ne7
8. Bb5 Qb6 9. O-O O-O 10. Bc4 c6 11. Na4 Qb4 12. Bb3 d5 13. Nxc5 Qxc5 14. exd5
cxd5 15. Re1 Be6 16. Bf4 Nf5 17. Be5 Rac8 18. Rad1 Rfd8 19. c3 Nh4 20. Qg3 Ng6
21. Bd4 Qd6 22. Qxd6 Rxd6 23. Rd2 Nh4 24. f3 Bh3 25. Rde2 Be6 26. Bf2 Ng6 27.
g3 h5 28. Bc2 Nf8 29. Kg2 d4 30. Bxd4 h4 31. a3 h3+ 32. Kf2 Bd7 33. Be4 Ne6 34.
Be5 Rb6 35. Rd1 Nc5 36. Bd5 Ba4 37. Rd4 Bb3 38. Bxb3 Nxb3 39. Rg4 f6 40. Bd4
Rd6 41. Re7 Nxd4 42. Rgxg7+ Kf8 43. Ref7+ Ke8 44. cxd4 Rc2+ 45. Ke3 Rxb2 46.
Rxb7 Rxb7 47. Rxb7 Ra6 48. Rh7 Rxa3+ 49. Ke4 a5 50. Rxh3 Ke7 51. Rh7+ Kd6 52.
Ra7 f5+ 53. Kxf5 Rxf3+ 54. Ke4 Ra3 55. Ra6+ Kc7 56. Kd5 Kb7 57. Rh6 Rc3 58. Rf6
a4 59. Rf2 Kb6 60. g4 Rh3 61. Kc4 Kc6 62. g5 a3 63. g6 Rh8 64. Ra2 Ra8 65. g7
Rg8 66. Rxa3 Rxg7 67. Ra6+ Kb7 68. Rh6 Kc7 69. Kc5 Rg5+ 70. d5 Rg7 71. h4 Rf7
72. h5 Rf5 73. Rh7+ Kd8 74. Kc6 Ke8 75. d6 Rf8 76. Kc7 1-0

[Event "4NCL Division 3 North"]
[Site "Bolton, ENG"]
[Date "2018.01.14"]
[Round "4.72"]
[White "Lewis, Christopher D"]
[Black "Barker, Arron"]
[Result "1-0"]
[WhiteElo "1907"]
[BlackElo "1885"]
[PlyCount "67"]
[EventDate "2018.01.14"]
[WhiteTeam "Shropshire 2"]
[BlackTeam "Bradford DCA Knights B"]

1. e4 b6 2. d4 Bb7 3. Bd3 e6 4. Nf3 h6 5. Qe2 d5 6. e5 c5 7. c3 Nc6 8. a3 c4 9.
Bc2 b5 10. Be3 Nge7 11. Nbd2 Nc8 12. g4 Be7 13. h4 Nb6 14. g5 Qd7 15. gxh6 gxh6
16. Rg1 O-O-O 17. Rg7 Bf8 18. Rg2 Kc7 19. Nh2 a5 20. Qh5 b4 21. Ng4 b3 22. Nf6
Qe7 23. Bh7 Nd7 24. Bxh6 Bxh6 25. Qxh6 Nxf6 26. exf6 Qd6 27. f4 Na7 28. Nf3
Rdf8 29. Ne5 Qd8 30. Rg7 Qe8 31. Ng6 Kc6 32. Nxh8 Rxh8 33. Qh5 Rf8 34. Bg6 1-0

[Event "4NCL Division 3 North"]
[Site "Bolton, ENG"]
[Date "2018.01.14"]
[Round "4.73"]
[White "Patrick, David A"]
[Black "Hinchcliffe, Gary"]
[Result "1/2-1/2"]
[WhiteElo "1892"]
[BlackElo "1877"]
[PlyCount "50"]
[EventDate "2018.01.14"]
[WhiteTeam "Bradford DCA Knights B"]
[BlackTeam "Shropshire 2"]

1. e4 e6 2. d4 d5 3. exd5 exd5 4. Bd3 Bd6 5. Nf3 Ne7 6. Bg5 O-O 7. O-O f6 8.
Bh4 Nf5 9. Bg3 Nxg3 10. hxg3 Bg4 11. c3 c6 12. Qc2 f5 13. Nh2 Qg5 14. Nd2 Nd7
15. Ndf3 Bxf3 16. Nxf3 Qf6 17. Rae1 g6 18. Re2 Rae8 19. Rfe1 Qd8 20. Qc1 Rxe2
21. Rxe2 Re8 22. Rxe8+ Qxe8 23. Qh6 Qf8 24. Qg5 Qf6 25. Qe3 Qe7 1/2-1/2

[Event "4NCL Division 3 North"]
[Site "Bolton, ENG"]
[Date "2018.01.14"]
[Round "4.74"]
[White "Tarr, Steve F"]
[Black "Bramson, Mike"]
[Result "1-0"]
[WhiteElo "1802"]
[BlackElo "1860"]
[PlyCount "53"]
[EventDate "2018.01.14"]
[WhiteTeam "Shropshire 2"]
[BlackTeam "Bradford DCA Knights B"]

1. d4 f5 2. Bf4 Nf6 3. e3 e6 4. Bd3 b6 5. h3 Bb7 6. Nf3 d6 7. Nbd2 Nbd7 8. Qe2
Qe7 9. Bh2 Ne4 10. O-O-O Ndf6 11. Rhg1 g6 12. Bb5+ c6 13. Bd3 Bg7 14. g4 c5 15.
g5 Nd7 16. Nc4 e5 17. dxe5 Nxe5 18. Nfxe5 dxe5 19. Bxe4 fxe4 20. Nd6+ Kf8 21.
Nxb7 Qxb7 22. Qc4 Ke7 23. Rd5 Rhe8 24. Rgd1 Rac8 25. Qxe4 Kf8 26. Qg4 e4 27.
Rd7 1-0

[Event "4NCL Division 3 North"]
[Site "Bolton, ENG"]
[Date "2018.01.14"]
[Round "4.75"]
[White "McCarthy, Damian"]
[Black "Ross, Stuart"]
[Result "1/2-1/2"]
[WhiteElo "1853"]
[BlackElo "1667"]
[PlyCount "108"]
[EventDate "2018.01.14"]
[WhiteTeam "Bradford DCA Knights B"]
[BlackTeam "Shropshire 2"]

1. e4 c5 2. Nc3 Nc6 3. Nge2 g6 4. d4 cxd4 5. Nxd4 Bg7 6. Be3 d6 7. Qd2 Nf6 8.
f3 O-O 9. Bc4 Nxd4 10. Bxd4 Qc7 11. Bb3 a6 12. O-O-O b5 13. Bxf6 exf6 14. Qxd6
Qxd6 15. Rxd6 f5 16. Rd3 fxe4 17. Nxe4 Bf5 18. g4 Bxe4 19. fxe4 Rad8 20. Rf1
Rxd3 21. cxd3 Be5 22. h3 Kg7 23. Bd5 f6 24. Rf2 Rc8+ 25. Rc2 Rxc2+ 26. Kxc2 b4
27. Kb3 a5 28. Ka4 Bxb2 29. Kxa5 Bc3 30. Kb5 Be1 31. Kc5 Kf8 32. Bc6 Ke7 33. d4
Bf2 34. Kxb4 Bxd4 35. Kc4 Bf2 36. Kd5 h5 37. Bb5 hxg4 38. hxg4 Be3 39. a4 Bd2
40. Bd3 f5 41. Kc6 Kd8 42. Ba6 Ba5 43. Bb7 Bd2 44. Ba6 Ba5 45. Kb7 Kd7 46. Bc4
Bd8 47. Bd5 Ba5 48. Ka6 Bc3 49. Kb5 Kc7 50. a5 Kb8 51. Kb6 Bd4+ 52. Kc6 Ka7 53.
Bc4 Bc3 54. a6 Bb2 1/2-1/2

[Event "4NCL Division 3 North"]
[Site "Bolton, ENG"]
[Date "2018.01.14"]
[Round "4.76"]
[White "Peck, Windsor W A"]
[Black "Adam, David W"]
[Result "1-0"]
[WhiteElo "1577"]
[BlackElo "1882"]
[Annotator "Barnes,Lara"]
[PlyCount "32"]
[EventDate "2018.01.14"]
[WhiteTeam "Shropshire 2"]
[BlackTeam "Bradford DCA Knights B"]

1. d4 Nf6 2. Nf3 g6 3. Nc3 d5 4. Bf4 Bg7 5. e3 a6 6. Be2 Nbd7 7. Ne5 e6 8. h4
h6 9. g4 Ne4 10. Nxe4 dxe4 11. f3 Nxe5 12. Bxe5 Bxe5 13. dxe5 Qxd1+ 14. Rxd1
exf3 15. Bxf3 O-O 16. Rf1 f6 {illegible} 1-0

[Event "4NCL Division 3 North"]
[Site "Bolton, ENG"]
[Date "2018.01.14"]
[Round "4.81"]
[White "Mulleady, Peter J"]
[Black "Johnson, Paul A"]
[Result "0-1"]
[WhiteElo "2065"]
[BlackElo "1838"]
[PlyCount "96"]
[EventDate "2018.01.14"]
[WhiteTeam "Manchester Manticores 2"]
[BlackTeam "Bradford DCA Knights C"]

1. d4 d5 2. Bf4 Bf5 3. e3 e6 4. Bd3 Bg6 5. Nf3 Nf6 6. Ne5 Nbd7 7. Nxg6 hxg6 8.
h3 Bd6 9. Bxd6 cxd6 10. Nc3 a6 11. O-O Rc8 12. Re1 Nb6 13. e4 dxe4 14. Nxe4
Nxe4 15. Rxe4 Qd7 16. Qe2 d5 17. Rg4 Rh6 18. Re1 Rc6 19. b3 Kf8 20. Qe5 Qd6 21.
Qg5 Nc8 22. Rg3 Ne7 23. Rf3 Kg8 24. Qd2 Nf5 25. Bxf5 gxf5 26. Rg3 f4 27. Rg4
Qc7 28. Re2 Rf6 29. f3 Rc3 30. a4 a5 31. Rg5 Qc6 32. Rge5 Rg6 33. Qxf4 Rxc2 34.
Qh4 Rxe2 35. Rxe2 Qc3 36. Qd8+ Kh7 37. Qb6 Qxf3 38. Rf2 Qxh3 39. Qxb7 f5 40.
Qb6 Qh5 41. Rd2 Rh6 42. Qxa5 Qh1+ 43. Kf2 Rh2 44. Kg3 Rh4 45. Qc3 Qe1+ 46. Kf3
Rg4 47. Qb2 Rg3+ 48. Kf4 Qe3# 0-1

[Event "4NCL Division 3 North"]
[Site "Bolton, ENG"]
[Date "2018.01.14"]
[Round "4.82"]
[White "Dean, Robert A"]
[Black "Newton, Robert A"]
[Result "1/2-1/2"]
[WhiteElo "1851"]
[BlackElo "2027"]
[PlyCount "149"]
[EventDate "2018.01.14"]
[WhiteTeam "Bradford DCA Knights C"]
[BlackTeam "Manchester Manticores 2"]

1. Nf3 c5 2. d4 cxd4 3. Nxd4 g6 4. e4 Bg7 5. c3 a6 6. Bc4 d6 7. O-O Nf6 8. f3
O-O 9. Nd2 b5 10. Bb3 Qb6 11. Kh1 Nbd7 12. Re1 e5 13. Ne2 Nc5 14. Bc2 Bb7 15.
Ng3 Rac8 16. Nb3 Ne6 17. Be3 Qc7 18. Rc1 h5 19. Qe2 Rfd8 20. Qf2 Nd7 21. Red1
a5 22. Bb1 a4 23. Na1 Bf8 24. Nc2 h4 25. Ne2 Be7 26. Nb4 Kg7 27. Nd5 Bxd5 28.
Rxd5 Nec5 29. Rcd1 Nb6 30. R5d2 Nc4 31. Rc2 Ne6 32. Bc1 Nc5 33. Ng1 Rh8 34. Nh3
Rh5 35. Re2 g5 36. Rf1 Qd7 37. Rd1 Qe6 38. Ree1 Rg8 39. Rf1 Kh8 40. Bc2 Rh7 41.
b3 axb3 42. axb3 Nb6 43. Be3 Nbd7 44. b4 Nb7 45. Ra1 Rhg7 46. Bd1 Rc8 47. Ra7
Nd8 48. Be2 Rxc3 49. Bxb5 Nf8 50. Rc1 Rxc1+ 51. Bxc1 Bf6 52. Qa2 Qc8 53. Bd2
Nfe6 54. Bd7 Qb8 55. Bxe6 fxe6 56. Rxg7 Kxg7 57. Nxg5 Bxg5 58. Bxg5 Qxb4 59.
Bxh4 d5 60. h3 Nf7 61. Qa6 dxe4 62. Qxe6 exf3 63. Bf6+ Kg8 64. Qe8+ Qf8 65.
Qxf8+ Kxf8 66. gxf3 Kg8 67. Kg2 Kh7 68. Kg3 Kg6 69. Be7 Kf5 70. Ba3 Nd8 71. Bc1
Ne6 72. h4 Ng7 73. Be3 Nh5+ 74. Kh3 Ng7 75. Bd2 1/2-1/2

[Event "4NCL Division 3 North"]
[Site "Bolton, ENG"]
[Date "2018.01.14"]
[Round "4.83"]
[White "Hamer, Martyn"]
[Black "Clarke, Paul Rh"]
[Result "1-0"]
[WhiteElo "2065"]
[BlackElo "1745"]
[PlyCount "51"]
[EventDate "2018.01.14"]
[WhiteTeam "Manchester Manticores 2"]
[BlackTeam "Bradford DCA Knights C"]

1. Nf3 Nf6 2. c4 d5 3. cxd5 Nxd5 4. d4 c6 5. e4 Nf6 6. Nc3 Bg4 7. Be3 e6 8. Qc2
Be7 9. Ne5 Nbd7 10. Nd3 O-O 11. f3 Bh5 12. O-O-O b5 13. h4 h6 14. g4 Bg6 15. g5
hxg5 16. hxg5 Nh5 17. Qg2 Qa5 18. Qg4 Rfc8 19. Kb1 c5 20. dxc5 b4 21. Ne2 Nxc5
22. Ndf4 Nxf4 23. Nxf4 e5 24. Qh3 Bxe4+ 25. fxe4 f6 26. Bc4+ 1-0

[Event "4NCL Division 3 North"]
[Site "Bolton, ENG"]
[Date "2018.01.14"]
[Round "4.84"]
[White "Baxter, Harold"]
[Black "Trueman, Glenn"]
[Result "1-0"]
[WhiteElo "1823"]
[BlackElo "1937"]
[PlyCount "53"]
[EventDate "2018.01.14"]
[WhiteTeam "Bradford DCA Knights C"]
[BlackTeam "Manchester Manticores 2"]

1. Nf3 Nf6 2. g3 b6 3. Bg2 Bb7 4. O-O e6 5. d4 c5 6. e3 Be7 7. c4 d5 8. Ne5 O-O
9. Nc3 cxd4 10. exd4 Nbd7 11. cxd5 Nxd5 12. Nxd5 Bxd5 13. Bxd5 exd5 14. Nc6 Qc7
15. Nxe7+ Kh8 16. Bf4 Qb7 17. Nf5 Nf6 18. Be5 Qd7 19. Ne3 Ne4 20. f3 Ng5 21. g4
f6 22. Bg3 Rfe8 23. Qb3 Rad8 24. h4 Ne6 25. Qd3 Nf8 26. Rac1 Re7 27. Nf5 1-0

[Event "4NCL Division 3 North"]
[Site "Bolton, ENG"]
[Date "2018.01.14"]
[Round "4.85"]
[White "Collins, Richard A"]
[Black "Holliday, John K"]
[Result "1/2-1/2"]
[WhiteElo "1937"]
[BlackElo "1675"]
[PlyCount "47"]
[EventDate "2018.01.14"]
[WhiteTeam "Manchester Manticores 2"]
[BlackTeam "Bradford DCA Knights C"]

1. e4 e5 2. Nf3 Nc6 3. Bb5 a6 4. Ba4 Nf6 5. d3 b5 6. Bb3 Be7 7. O-O O-O 8. c3
d6 9. h3 Be6 10. Bc2 d5 11. Bg5 dxe4 12. dxe4 Bc4 13. Re1 Qxd1 14. Bxd1 h6 15.
Bxf6 gxf6 16. Nbd2 Be6 17. Bb3 Kh7 18. Nf1 Rg8 19. Bxe6 fxe6 20. b4 Rg7 21. Ne3
Rag8 22. g3 Nd8 23. Rad1 Nf7 24. Kh2 1/2-1/2

[Event "4NCL Division 3 North"]
[Site "Bolton, ENG"]
[Date "2018.01.14"]
[Round "4.86"]
[White "Braham, Peter"]
[Black "Jaques, Andrew"]
[Result "1/2-1/2"]
[WhiteElo "1737"]
[BlackElo "1967"]
[PlyCount "185"]
[EventDate "2018.01.14"]
[WhiteTeam "Bradford DCA Knights C"]
[BlackTeam "Manchester Manticores 2"]

1. e4 c6 2. d4 d5 3. Nc3 dxe4 4. Nxe4 Bf5 5. Ng3 Bg6 6. N1e2 Nf6 7. Nf4 e5 8.
Nxg6 hxg6 9. dxe5 Qa5+ 10. Bd2 Qxe5+ 11. Qe2 Nbd7 12. O-O-O Qxe2 13. Bxe2 Bc5
14. f3 O-O 15. Bc3 Nd5 16. Bd4 Ne3 17. Ne4 Bb6 18. Bxe3 Bxe3+ 19. Kb1 Nb6 20.
Nd6 Rab8 21. g3 Bc5 22. Ne4 Be7 23. c3 Rfe8 24. Bd3 f5 25. Nd2 Kf7 26. Nc4 Kf6
27. Nxb6 axb6 28. f4 b5 29. a3 Bc5 30. Rhe1 Rxe1 31. Rxe1 Rh8 32. Re2 Rh3 33.
c4 Bg1 34. cxb5 cxb5 35. Bxb5 Rxh2 36. Re8 Kf7 37. Rd8 b6 38. Rd7+ Ke6 39. Rxg7
Bd4 40. Bc4+ Kd6 41. Rxg6+ Kc5 42. b3 b5 43. Bd3 Bc3 44. Bxf5 Rb2+ 45. Kc1 Rxb3
46. Bd7 Rxa3 47. Rg5+ Kc4 48. Bxb5+ Kb3 49. Kd1 Ra2 50. Rd5 Kb4 51. Bd7 Rf2 52.
f5 Rg2 53. Rd3 Bf6 54. Re3 Bg5 55. Re4+ Kc3 56. Rg4 Be3 57. Bc6 Rf2 58. Be4 Kd4
59. Bb1+ Kc3 60. Be4 Bc5 61. Ke1 Rb2 62. Rf4 Kd4 63. Bc6+ Ke5 64. f6 Bf8 65.
Bd7 Rg2 66. Rf3 Kd6 67. Bb5 Ke5 68. f7 Ke6 69. Bc4+ Ke7 70. Kf1 Rd2 71. Bb3 Rb2
72. g4 Bg7 73. g5 Bf8 74. Re3+ Kd6 75. Bc4 Rb4 76. Bb3 Rb5 77. Rg3 Ke7 78. Kg2
Bg7 79. Kh3 Rb4 80. Re3+ Kd6 81. Be6 Rf4 82. g6 Rf6 83. Ba2 Rxg6 84. Re8 Rf6
85. Kh4 Bh6 86. Kh5 Kd7 87. Rh8 Bg7 88. Rh7 Bf8 89. Kg5 Ke7 90. Rh1 Rf2 91.
Re1+ Kd6 92. Kg6 Rxa2 93. Re8 1/2-1/2

[Event "4NCL Division 3 North"]
[Site "Bolton, ENG"]
[Date "2018.01.14"]
[Round "4.91"]
[White "Walker, Andrew N"]
[Black "Denisov, Seny D"]
[Result "1-0"]
[WhiteElo "2058"]
[BlackElo "1922"]
[PlyCount "55"]
[EventDate "2018.01.14"]
[WhiteTeam "Ashfield-Breadsall 1"]
[BlackTeam "3Cs 3"]

1. f4 Nf6 2. Nf3 e6 3. e3 d5 4. Be2 Bd6 5. O-O O-O 6. b3 Nbd7 7. Bb2 Qe7 8. Qe1
e5 9. fxe5 Nxe5 10. Qh4 Bg4 11. Nc3 c6 12. Nxe5 Bxe2 13. Nxc6 bxc6 14. Nxe2 Be5
15. Bxe5 Qxe5 16. Qf4 Qe7 17. Ng3 Ne4 18. Nxe4 dxe4 19. d4 f5 20. h4 Rf6 21.
Rf2 Rg6 22. Raf1 Rf8 23. Qe5 Qxh4 24. Rxf5 Rd8 25. R5f4 Qg3 26. Qxe4 Rh6 27.
Qe7 Qh2+ 28. Kf2 1-0

[Event "4NCL Division 3 North"]
[Site "Bolton, ENG"]
[Date "2018.01.14"]
[Round "4.92"]
[White "Denisov, Denis"]
[Black "Ukken, Somton"]
[Result "0-1"]
[WhiteElo "1750"]
[BlackElo "1881"]
[PlyCount "86"]
[EventDate "2018.01.14"]
[WhiteTeam "3Cs 3"]
[BlackTeam "Ashfield-Breadsall 1"]

1. e4 d5 2. exd5 Qxd5 3. Nc3 Qd6 4. d4 Nf6 5. Nf3 c6 6. Bg5 Bg4 7. Be2 Nbd7 8.
h3 Bh5 9. Qd2 e6 10. O-O-O Qc7 11. g4 Bg6 12. Nh4 Bd6 13. Nxg6 hxg6 14. Kb1 Nb6
15. f3 Nbd5 16. Ne4 Nxe4 17. fxe4 Bf4 18. Bxf4 Nxf4 19. Qe3 O-O-O 20. Bc4 g5
21. Rdf1 Rh4 22. Rf3 Qd6 23. Rd1 f6 24. a3 Kb8 25. Qb3 Ka8 26. Qe3 Rhh8 27. c3
Rh4 28. Bb3 Rdh8 29. Rh1 Rxg4 30. hxg4 Rxh1+ 31. Ka2 Rh4 32. Rg3 Kb8 33. Rg1
Kc7 34. d5 Kb8 35. dxc6 Qxc6 36. e5 Nd5 37. Qe1 Rh2 38. Ka1 a6 39. exf6 gxf6
40. Qg3+ Qc7 41. Qd3 Nf4 42. Qf3 Rh3 43. Qe4 Qb6 0-1